000 00451nam a2200181Ia 4500
005 20250603150014.0
008 250603s9999 xx 000 0 und d
020 _a9780205670307
050 _aHA 32 .G737/
100 _aGreen, Samuel B.
245 0 _aUsing SPSS for Windows and Macintosh : analyzing and understanding data
250 _a6th ed.
260 _aBoston
260 _bPearson
260 _c2012
650 _aBoston
942 _cBK
999 _c43484
_d43484